000
00306nam a2200121Ia 4500
008
150731s2014 xx 000 0 und d
082
_a
618.1
_b
G 14 S
100
_a
SATHUA,SIDHESWAR
245
_a
GARBHA VIJNANA (EMBNYOLOGY)
260
_b
CHAUKHAMBHA PUB. NEW DELHI
_c
2014
300
_a
199
942
_2
ddc
_c
BK
999
_c
7774
_d
7774